| 000 | 01369nam a22002897a 4500 | ||
|---|---|---|---|
| 001 | 9913 | ||
| 003 | FISKH | ||
| 005 | 20260316122150.0 | ||
| 008 | 260316b cb ||||| |||| 00| 0 eng d | ||
| 020 | _a9780545552622 | ||
| 040 |
_aFISKH _beng _cFISKH _dFISKH |
||
| 082 | _a100 | ||
| 100 | _aLee , Quinlan B | ||
| 245 |
_aLEGO DC Universe super heroes phonics book : _bWorkbook #2 by / _cWritten By Quinlan B. Lee : Illustrated by Dave White |
||
| 250 | _aFirst printing , January 2014 | ||
| 260 |
_aNew Youk : _bScholastic , _c2014 . |
||
| 300 |
_a16 pages : _bcolor illustrations ; _c19 cm . |
||
| 490 |
_aLEGO DC Universe Super Heroes Phonics Book _vWorkbook 2 |
||
| 505 | _aJ | ||
| 520 | _aLEGO DC Universe Super Heroes Phonics Book: Workbook #2 is a children’s phonics activity book that helps beginning readers practice reading skills using familiar LEGO DC Super Heroes characters like Superman, Batman, and Wonder Woman. The workbook focuses on phonics — especially vowel sounds — through fun exercises and engaging practice activities, helping young learners strengthen their understanding of how sounds relate to letters and words. | ||
| 521 | 8 |
_a500
_bLexile estimate |
|
| 521 | 8 |
_aJ
_bRaz-Plus |
|
| 650 |
_aPhonics-Long Vowel _vNon-fiction |
||
| 700 |
_aWhite , Dave _eIllustrator |
||
| 942 |
_2ddc _cBK _n0 |
||
| 999 |
_c9913 _d9913 |
||